Details for Passive Houses: Renovation A Catalogue of Ecologically Rated Constructions for Renovation /

Salvato in:
Dettagli Bibliografici
Altri autori: Österreichisches Institut für Baubiologie und - ökologie (Redattore)
Natura: eBook
Lingua:inglese
Pubblicazione: Berlin ; Boston : De Gruyter, 2016
Edizione:2016
Soggetti:
Tags: Aggiungi Tag
Nessun Tag, puoi essere il primo ad aggiungerne!!

MARC

LEADER 00000nam a22000005u 4500
001 0022809
003 SK-STU
005 20240514102911.0
007 cr\nn\|||mam|a
008 170112t20162016gw ||||fo||||\|||\0|eng||
020 |a 9783035607543 
024 7 |a 10.1515/9783035607543  |2 DOI 
041 0 |a eng 
245 1 0 |a Details for Passive Houses: Renovation  |b A Catalogue of Ecologically Rated Constructions for Renovation /  |c Österreichisches Institut für Baubiologie und - ökologie 
250 |a  2016 
260 |a Berlin ;  |a Boston :  |b De Gruyter,  |c 2016 
541 |a Projekt č. 16-613-03703 - Fond na podporu umenia 
650 |a pasívny dom 
650 |a renovácia 
650 |a ekologická konštrukcia 
650 |a manuál 
650 |a ecological construction 
650 |a manual 
650 |a nulové domy 
650 |a pasívne domy 
700 1 |a Österreichisches Institut für Baubiologie und - ökologie  |4 edt 
996 |c A* 10148/E  |l AAKNST  |s P  |a 0  |w 0022809_0001